[Event "Campionatele Nationale de sah pentru co"]
[Site "Calimanesti-Caciulata"]
[Date "2018.03.30"]
[Round "5.1"]
[White "Stoleriu , George"]
[Black "Talu, Mircea"]
[Result "1/2-1/2"]
[WhiteElo "2337"]
[BlackElo "2034"]
[PlyCount "65"]
[EventDate "2018.03.27"]
[EventRounds "9"]

1. Nf3 Nf6 2. g3 b6 3. Bg2 Bb7 4. O-O e6 5. c4 c5 6. b3 Be7 7. Bb2 O-O 8. Nc3
d6 9. Re1 Ne4 10. Nxe4 Bxe4 11. d3 Bb7 12. e4 Nc6 13. d4 cxd4 14. Nxd4 Nxd4 15.
Bxd4 Qc7 16. Qg4 e5 17. Bb2 Rad8 18. Ba3 a6 19. Qe2 Qc6 20. f3 b5 21. cxb5 axb5
22. Bb4 f5 23. exf5 Rxf5 24. f4 Qxg2+ 25. Qxg2 Bxg2 26. Kxg2 Bf6 27. fxe5 Rxe5
28. Rxe5 Bxe5 29. Rd1 Rc8 30. Rd2 Rc6 31. Rd5 Rc2+ 32. Rd2 Rc6 33. Rd5 1/2-1/2

[Event "Campionatele Nationale de sah pentru co"]
[Site "Calimanesti-Caciulata"]
[Date "2018.03.31"]
[Round "6.1"]
[White "Traila, Alexandru-Irinel"]
[Black "Stoleriu , George"]
[Result "0-1"]
[WhiteElo "1812"]
[BlackElo "2337"]
[PlyCount "76"]
[EventDate "2018.03.27"]
[EventRounds "9"]

1. e4 c6 2. d4 d5 3. e5 Bf5 4. h4 h5 5. Ne2 Bg4 6. Bf4 e6 7. f3 Bf5 8. Ng3 Bg6
9. c3 Be7 10. Ne2 Bxh4+ 11. g3 Bg5 12. Qd2 Bxf4 13. Qxf4 Rh6 14. Nd2 Nd7 15.
Nb3 a5 16. a4 Qc7 17. Qe3 Qb6 18. Nec1 Kf8 19. Bd3 Bxd3 20. Qxd3 c5 21. dxc5
Qc7 22. f4 Nxc5 23. Nxc5 Qxc5 24. Qf3 g6 25. Ne2 Qb6 26. O-O-O Qb3 27. Rd4 Ne7
28. Rdd1 Qxa4 29. Nd4 Rc8 30. Qe2 Qc4 31. Qxc4 Rxc4 32. g4 Nc6 33. Nxc6 bxc6
34. Rd4 Rxd4 35. cxd4 Kg7 36. g5 Rh8 37. Rh3 Rb8 38. Rc3 Rb4 0-1

[Event "Campionatele Nationale de sah pentru co"]
[Site "Calimanesti-Caciulata"]
[Date "2018.04.01"]
[Round "7.1"]
[White "Stoleriu , George"]
[Black "Bulau, Andrei-Cristian"]
[Result "1-0"]
[WhiteElo "2337"]
[BlackElo "2021"]
[PlyCount "59"]
[EventDate "2018.03.27"]
[EventRounds "9"]

1. e4 c5 2. Nc3 Nc6 3. Bb5 Nd4 4. Bc4 e6 5. Nge2 a6 6. d3 b5 7. Bb3 Nxb3 8.
axb3 Bb7 9. O-O h5 10. Nf4 Nf6 11. Nh3 Be7 12. Qe2 Qb6 13. Bg5 O-O-O 14. f4 Ng8
15. f5 exf5 16. Rxf5 g6 17. Nd5 Bxd5 18. Rxd5 f6 19. Be3 g5 20. b4 d6 21. Qf2
Nh6 22. bxc5 dxc5 23. Bxc5 Bxc5 24. Qxc5+ Qxc5+ 25. Rxc5+ Kb7 26. Rf1 Ng4 27.
Nf2 Ne5 28. Nd1 Kb6 29. b4 Rd6 30. Ne3 1-0

[Event "1nd Arad , Open"]
[Site "?"]
[Date "2018.08.06"]
[Round "?"]
[White "Mastrovasilis, Dimitrios"]
[Black "Stoleriu , George"]
[Result "1-0"]
[WhiteElo "2586"]
[BlackElo "2392"]
[PlyCount "93"]
[EventDate "2018.??.??"]

1. e4 e6 2. d4 d5 3. Nc3 Bb4 4. Nge2 Nf6 5. e5 Nfd7 6. f4 Be7 7. Be3 b6 8. f5
Nf8 9. Nf4 Bg5 10. Qf3 Bxf4 11. Bxf4 c6 12. Qg3 Rg8 13. f6 Ng6 14. fxg7 Qh4 15.
Qxh4 Nxh4 16. Bg5 Nf5 17. Bd3 Rxg7 18. Bxf5 exf5 19. h4 Nd7 20. Ne2 Nf8 21. Ng3
Rg6 22. Kf2 Ne6 23. Rad1 Nxg5 24. hxg5 Ke7 25. Rxh7 Be6 26. Nh5 Rxg5 27. Nf6
Rc8 28. c3 c5 29. dxc5 bxc5 30. Nxd5+ Bxd5 31. Rxd5 Ke6 32. c4 Rg6 33. Rh3 Rcg8
34. g3 Rg4 35. b3 R8g6 36. Rxc5 Rd4 37. Ra5 Rd2+ 38. Ke3 Rg2 39. Rxa7 Kxe5 40.
Ra5+ Ke6 41. Ra6+ Ke5 42. Ra5+ Ke6 43. Kd4 R6xg3 44. Ra6+ Ke7 45. Rxg3 Rxg3 46.
Ke5 f6+ 47. Kxf5 1-0

[Event "1nd Arad , Open"]
[Site "?"]
[Date "2018.08.06"]
[Round "?"]
[White "Stoleriu , George"]
[Black "Bai, Adelard"]
[Result "1-0"]
[WhiteElo "2392"]
[BlackElo "2071"]
[PlyCount "71"]
[EventDate "2018.??.??"]

1. e4 e5 2. Nf3 Nc6 3. Bb5 a6 4. Ba4 Nf6 5. d3 d6 6. c3 g6 7. O-O Bg7 8. Re1
O-O 9. h3 b5 10. Bb3 Na5 11. Bc2 c5 12. Bg5 h6 13. Bxf6 Qxf6 14. Nbd2 Qd8 15.
Nf1 f5 16. Ne3 f4 17. Nd5 g5 18. Nh2 Be6 19. a4 Rf7 20. Qh5 Rb7 21. Ng4 Kh7 22.
Ndf6+ Qxf6 23. Nxf6+ Bxf6 24. axb5 Rxb5 25. Ba4 Rbb8 26. Bd7 Bxd7 27. Qf7+ Bg7
28. Qxd7 Nb3 29. Ra2 Rb6 30. Qc7 Rab8 31. Rxa6 Rxa6 32. Qxb8 Na5 33. Qb5 Ra7
34. Ra1 Nc6 35. Rxa7 Nxa7 36. Qb7 1-0

[Event "Bad Blankenburg GER,EUR Team Championsh"]
[Site "?"]
[Date "2018.07.14"]
[Round "?"]
[White "Stoleriu , George"]
[Black "Badelka Olga (BLR)"]
[Result "1/2-1/2"]
[WhiteElo "2347"]
[BlackElo "2407"]
[PlyCount "77"]
[EventDate "2018.??.??"]

1. e4 c5 2. Nc3 Nc6 3. Bb5 Nd4 4. Bc4 e6 5. Nge2 Nf6 6. O-O a6 7. Bb3 Nxb3 8.
axb3 d6 9. d3 Be7 10. f4 Qc7 11. Kh1 Bd7 12. Ng1 O-O 13. Nf3 Bc6 14. Qe1 b5 15.
Qg3 Kh8 16. Qh3 b4 17. Nd1 a5 18. f5 exf5 19. Qxf5 d5 20. e5 Bd7 21. Qg5 Ng8
22. Qg3 Qc6 23. Ne3 Nh6 24. Bd2 Be6 25. Ng5 d4 26. Nxe6 fxe6 27. Nc4 Rxf1+ 28.
Rxf1 Nf5 29. Qf3 Qxf3 30. Rxf3 Kg8 31. Rf1 Ra7 32. g3 Bd8 33. Kg2 h5 34. h3 Rf7
35. Rf2 Ra7 36. Rf1 Rf7 37. Rf2 Ra7 38. Rf1 Rf7 39. Rf2 1/2-1/2

[Event "Bad Blankenburg GER,EUR Team Championsh"]
[Site "?"]
[Date "2018.07.16"]
[Round "?"]
[White "Morgunov, Marc"]
[Black "Stoleriu , George"]
[Result "0-1"]
[WhiteElo "2362"]
[BlackElo "2347"]
[PlyCount "34"]
[EventDate "2018.??.??"]

1. e4 c6 2. Nc3 d5 3. Nf3 Bg4 4. h3 Bh5 5. exd5 cxd5 6. Bb5+ Nc6 7. g4 Bg6 8.
Ne5 Rc8 9. d4 e6 10. h4 f6 11. h5 Bxc2 12. Qxc2 fxe5 13. dxe5 Bb4 14. a3 Bxc3+
15. Qxc3 Nh6 16. f3 O-O 17. O-O Qb6+ 0-1

[Event "Bad Blankenburg GER,EUR Team Championsh"]
[Site "?"]
[Date "2018.07.17"]
[Round "?"]
[White "Stoleriu , George"]
[Black "Martin, Julian"]
[Result "1-0"]
[WhiteElo "2347"]
[BlackElo "2415"]
[PlyCount "95"]
[EventDate "2018.??.??"]

1. e4 c5 2. Be2 Nc6 3. f4 g6 4. Nf3 Bg7 5. O-O e6 6. c3 d5 7. d3 Nge7 8. Na3
O-O 9. Be3 d4 10. Bd2 dxc3 11. bxc3 b6 12. Rb1 Qd7 13. Nc4 Rd8 14. Qe1 Ba6 15.
Nce5 Nxe5 16. Nxe5 Qd6 17. Rf3 f6 18. Ng4 h5 19. Nxf6+ Bxf6 20. e5 Bxe5 21.
fxe5 Qxe5 22. Re3 Qf5 23. Bf3 Bxd3 24. Re5 Qf7 25. Rxe6 Nf5 26. Bxa8 Bxb1 27.
Bc6 Bxa2 28. Re5 Qf6 29. Bb5 Bf7 30. Bf4 Kh7 31. h3 a5 32. Ba4 Rd5 33. Re2 Nd4
34. Rf2 Rf5 35. g3 Ne6 36. Bc2 Rd5 37. Bc1 Qg7 38. Qf1 Bg8 39. Rf6 a4 40. Bxg6+
Kh8 41. Bc2 Qxg3+ 42. Kh1 Ng5 43. Rh6+ Nh7 44. Bxh7 Rd1 45. Be4+ Kg7 46. Qxd1
Qxh3+ 47. Kg1 Qg4+ 48. Qxg4+ 1-0

[Event "Bad Blankenburg GER,EUR Team Championsh"]
[Site "?"]
[Date "2018.07.18"]
[Round "?"]
[White "Amon, Nejc"]
[Black "Stoleriu , George"]
[Result "0-1"]
[WhiteElo "2295"]
[BlackElo "2347"]
[PlyCount "105"]
[EventDate "2018.??.??"]

1. e4 e6 2. d4 d5 3. Nd2 Nc6 4. Ngf3 Nf6 5. e5 Nd7 6. Be2 f6 7. exf6 Qxf6 8.
Nf1 Bd6 9. Ne3 O-O 10. O-O Qg6 11. g3 Nf6 12. Nh4 Qe8 13. f4 Bd7 14. Ng4 Ne7
15. Re1 Ne4 16. Bd3 Nf5 17. Nf3 c5 18. c3 cxd4 19. cxd4 Bb4 20. Re2 Bb5 21. Nf2
Nfd6 22. Qb3 Bxd3 23. Nxd3 Ba5 24. Bd2 Qh5 25. Bxa5 Qxf3 26. Rae1 Rfe8 27. Bc7
Nc4 28. Nc5 Qxb3 29. Nxb3 Rac8 30. Ba5 b6 31. Bc3 a5 32. Nd2 Ncxd2 33. Bxd2 Rc4
34. Be3 Rec8 35. Kf1 Kf7 36. Rd1 a4 37. Rde1 h5 38. Kg2 b5 39. Kf3 b4 40. Rf1
Kf6 41. Rfe1 a3 42. Rg2 Ra8 43. Rb1 axb2 44. Rbxb2 Ra3 45. Rge2 Rxd4 46. Kg2
Rc4 47. Bf2 Kf5 48. Be1 Ra4 49. Kf3 Kf6 50. Re3 Nc3 51. Rxb4 Raxb4 52. Bxc3+ d4
53. Ke4 0-1

[Event "Romania 100 Open"]
[Site "?"]
[Date "2018.11.18"]
[Round "?"]
[White "Stoleriu , George"]
[Black "Moiseenko, Vadim"]
[Result "0-1"]
[WhiteElo "2362"]
[BlackElo "2491"]
[PlyCount "80"]
[EventDate "2018.??.??"]

1. e4 c5 2. Nc3 Nc6 3. Bb5 Nd4 4. Bc4 e6 5. Nge2 a6 6. Nxd4 cxd4 7. Ne2 b5 8.
Bb3 Bb7 9. d3 Bc5 10. O-O Ne7 11. Ng3 O-O 12. Qg4 Kh8 13. Qg5 Rc8 14. Nh5 Rg8
15. Bf4 Qf8 16. Be5 d5 17. f3 f6 18. Nxf6 h6 19. Qxh6+ gxh6 20. Nd7+ Kh7 21.
Nxf8+ Rcxf8 22. Rae1 a5 23. a4 bxa4 24. Bxa4 Bc6 25. Bb3 a4 26. Ba2 Rf7 27. Bg3
Ra8 28. exd5 Bxd5 29. Bxd5 exd5 30. Re6 Ra7 31. Ra1 Rg7 32. Bf2 Rg6 33. Re2 Rb6
34. c3 Nc6 35. h4 Rb5 36. Rc2 dxc3 37. Bxc5 Rxc5 38. bxc3 Nb4 39. Rb2 Nxd3 40.
Rba2 Rc4 0-1

[Event "Romanian Championship Superliga"]
[Site "?"]
[Date "2018.11.26"]
[Round "?"]
[White "Vajda, Levente"]
[Black "Stoleriu , George"]
[Result "1/2-1/2"]
[WhiteElo "2547"]
[BlackElo "2362"]
[PlyCount "62"]
[EventDate "2018.??.??"]

1. Nf3 Nf6 2. g3 b5 3. Bg2 Bb7 4. O-O e6 5. d4 Be7 6. Nbd2 d5 7. a4 b4 8. a5
O-O 9. Ne5 c5 10. dxc5 Bxc5 11. Nd3 Be7 12. Re1 Ne4 13. Nb3 Qc8 14. f3 Nc5 15.
Be3 Nxb3 16. cxb3 Na6 17. Qd2 Qd7 18. Bd4 Rfc8 19. Qe3 Bc6 20. Bh3 Bb5 21. Nf4
Bg5 22. Qf2 Qe7 23. Nh5 Bh6 24. f4 Nc5 25. Qe3 Ne4 26. Bg2 f5 27. Bxe4 dxe4 28.
Be5 Qc5 29. Bd4 Qe7 30. Be5 Qc5 31. Bd4 Qe7 1/2-1/2

[Event "Romanian Open 2017"]
[Site "Alba Iulia ROU"]
[Date "2017.11.21"]
[Round "2.2"]
[White "Stoleriu , George"]
[Black "Istratescu, Andrei"]
[Result "1/2-1/2"]
[WhiteElo "2354"]
[BlackElo "2580"]
[PlyCount "43"]
[EventDate "2017.11.20"]
[EventType "swiss"]

1. e4 c6 2. Nc3 d5 3. d4 dxe4 4. Nxe4 Bf5 5. Ng3 Bg6 6. h4 h6 7. Nf3 Nd7 8. h5
Bh7 9. Bd3 Bxd3 10. Qxd3 e6 11. Bd2 Ngf6 12. O-O-O Qc7 13. Qe2 O-O-O 14. Ne5
Nb6 15. Ba5 Rd5 16. Bxb6 axb6 17. c4 Rd8 18. Ne4 Nxe4 19. Qxe4 Bd6 20. f4 f5
21. Qe2 Bxe5 22. Qxe5 1/2-1/2

[Event "Romanian Open 2017"]
[Site "Alba Iulia ROU"]
[Date "2017.11.21"]
[Round "3.4"]
[White "Gavrilescu, David"]
[Black "Stoleriu , George"]
[Result "1-0"]
[WhiteElo "2361"]
[BlackElo "2354"]
[PlyCount "79"]
[EventDate "2017.11.20"]
[EventType "swiss"]

1. d4 Nf6 2. Nf3 e6 3. c4 Bb4+ 4. Nbd2 b6 5. a3 Bxd2+ 6. Qxd2 Bb7 7. e3 a5 8.
b3 O-O 9. Be2 d6 10. O-O Nbd7 11. Bb2 Ne4 12. Qc2 f5 13. d5 exd5 14. cxd5 Bxd5
15. Rad1 Bf7 16. Nd4 Qg5 17. Qxc7 Ndc5 18. Nf3 Qg6 19. Qxb6 Rfb8 20. Qc7 Rc8
21. Qe7 Re8 22. Qh4 Bxb3 23. Rc1 Rab8 24. Nd4 Bd5 25. Bh5 Qf6 26. Qxf6 gxf6 27.
Bxe8 Rxe8 28. Nxf5 Nd3 29. Rcd1 Bc4 30. Ba1 Ndc5 31. Nxd6 Nxd6 32. Rxd6 Bxf1
33. Kxf1 Rb8 34. Bd4 Ne4 35. Ra6 Nd2+ 36. Ke2 Nc4 37. Kd3 Nxa3 38. Rxa5 Rb3+
39. Ke4 Nc4 40. Ra6 1-0

[Event "Romanian Open 2017"]
[Site "Alba Iulia ROU"]
[Date "2017.11.22"]
[Round "4.7"]
[White "Stoleriu , George"]
[Black "Costachi, Mihnea"]
[Result "0-1"]
[WhiteElo "2354"]
[BlackElo "2433"]
[PlyCount "70"]
[EventDate "2017.11.20"]
[EventType "swiss"]

1. e4 e5 2. Nf3 Nc6 3. Bb5 a6 4. Ba4 Nf6 5. d3 Bc5 6. O-O d6 7. c3 Ba7 8. h3
O-O 9. Re1 Ne7 10. Nbd2 Ng6 11. Nf1 c6 12. d4 d5 13. exd5 e4 14. Ne5 cxd5 15.
Bg5 Qd6 16. Nxg6 fxg6 17. Qd2 Bb8 18. Bh4 Nh5 19. Bd1 Nf4 20. Bg3 Qf6 21. Ne3
h5 22. Bb3 Be6 23. c4 h4 24. Bxf4 Qxf4 25. cxd5 Qh2+ 26. Kf1 Bxh3 27. d6+ Kh7
28. Ke2 Bxd6 29. Rh1 Rxf2+ 30. Kxf2 Rf8+ 31. Ke2 Bg4+ 32. Nxg4 Qxg2+ 33. Kd1
Qxh1+ 34. Kc2 Qxa1 35. Be6 Qf1 0-1

[Event "Romanian Open 2017"]
[Site "Alba Iulia ROU"]
[Date "2017.11.23"]
[Round "5.7"]
[White "Ciorgovean, Iustin"]
[Black "Stoleriu , George"]
[Result "1/2-1/2"]
[WhiteElo "2231"]
[BlackElo "2354"]
[PlyCount "142"]
[EventDate "2017.11.20"]
[EventType "swiss"]

1. Nf3 e6 2. c4 f5 3. g3 b6 4. Bg2 Bb7 5. O-O Nf6 6. d4 Be7 7. d5 O-O 8. Nd4 c5
9. Nb5 a6 10. N5c3 Qc8 11. Na3 d6 12. e4 b5 13. cxb5 fxe4 14. Nc4 Qd8 15. Nxe4
axb5 16. Nxf6+ Bxf6 17. Ne3 Qe7 18. Qg4 Ra4 19. Qxe6+ Qxe6 20. dxe6 Bxg2 21.
Kxg2 Nc6 22. Nd5 Nd4 23. Bf4 Nxe6 24. Nxf6+ gxf6 25. Bxd6 Rfa8 26. a3 b4 27.
Rae1 Kf7 28. axb4 Rxb4 29. Re2 Ra6 30. Rd2 Rbb6 31. Rfd1 Ra2 32. Rc1 Rbxb2 33.
Rxb2 Rxb2 34. Bxc5 Nxc5 35. Rxc5 Kg6 36. g4 Rb4 37. Kg3 Rb3+ 38. f3 Rb4 39. h4
Ra4 40. Rc6 Kg7 41. g5 fxg5 42. hxg5 Rb4 43. Ra6 Rc4 44. f4 Rc5 45. Kg4 Rb5 46.
Ra7+ Kg8 47. Re7 Ra5 48. Re5 Ra6 49. Kf5 Kf7 50. Rd5 Ra7 51. Rb5 Re7 52. Rb6
Ra7 53. Rb5 Re7 54. Kg4 Ra7 55. Rb4 Rc7 56. f5 Ra7 57. Kh5 Ra1 58. Rb7+ Kg8 59.
Rb4 Kf7 60. Rh4 Ra5 61. Kh6 Rxf5 62. Ra4 Kg8 63. Ra8+ Kf7 64. Ra7+ Kg8 65. Rg7+
Kh8 66. Rxh7+ Kg8 67. Rg7+ Kh8 68. Ra7 Rf8 69. g6 Rb8 70. Rh7+ Kg8 71. Rg7+ Kh8
1/2-1/2

[Event "Romanian Open 2017"]
[Site "Alba Iulia ROU"]
[Date "2017.11.24"]
[Round "6.7"]
[White "Stoleriu , George"]
[Black "Martinovici, Ilie"]
[Result "1-0"]
[WhiteElo "2354"]
[BlackElo "2338"]
[PlyCount "151"]
[EventDate "2017.11.20"]
[EventType "swiss"]

1. Nf3 Nf6 2. c4 c6 3. g3 d5 4. b3 g6 5. Bb2 Bg7 6. Bg2 O-O 7. O-O Nbd7 8. d3
Re8 9. Nbd2 e5 10. cxd5 Nxd5 11. Qc2 Nf8 12. a3 Bg4 13. Nc4 Qc7 14. h3 Bxf3 15.
Bxf3 Ne6 16. e3 Rad8 17. Rac1 Nb6 18. Nd2 Ng5 19. Bg2 Qd7 20. Ne4 Nxe4 21. dxe4
Qd3 22. Bf3 Qxc2 23. Rxc2 Bf8 24. Be2 Na8 25. Rd1 Rxd1+ 26. Bxd1 Nb6 27. Rd2
Re7 28. Bg4 h5 29. Be2 Rd7 30. Rc2 Bg7 31. a4 a6 32. Kf1 Bf6 33. f4 Re7 34. Rd2
Rd7 35. Bd3 Bg7 36. a5 Na8 37. Ke2 Nc7 38. Bc4 Rxd2+ 39. Kxd2 Ne8 40. Bxe5 Bxe5
41. fxe5 Kf8 42. Kc3 Ke7 43. Kd4 f6 44. exf6+ Nxf6 45. e5 Nd7 46. h4 Nf8 47. b4
Nd7 48. e6 Nf6 49. e4 Ne8 50. e5 Ng7 51. Ke4 Nf5 52. Kf4 Nd4 53. Kg5 Nf3+ 54.
Kf4 Nd4 55. g4 Nc2 56. gxh5 gxh5 57. Kg5 Nxb4 58. Kxh5 c5 59. Kg6 Nc6 60. h5
Nxe5+ 61. Kg7 Nxc4 62. h6 Kxe6 63. h7 Nxa5 64. h8=Q Kd7 65. Kf6 Kc6 66. Qh1+
Kb5 67. Ke6 Nc6 68. Qh7 Kc4 69. Qc2+ Kb5 70. Qe2+ c4 71. Kd5 Na5 72. Kd4 Kb4
73. Qd2+ Kb5 74. Qg5+ Ka4 75. Kc3 b6 76. Qd5 1-0

[Event "Romanian Open 2017"]
[Site "Alba Iulia ROU"]
[Date "2017.11.24"]
[Round "7.7"]
[White "Ileana, George"]
[Black "Stoleriu , George"]
[Result "1-0"]
[WhiteElo "2326"]
[BlackElo "2354"]
[PlyCount "67"]
[EventDate "2017.11.20"]
[EventType "swiss"]

1. e4 e6 2. d4 d5 3. Nd2 Nc6 4. Ngf3 Nf6 5. e5 Nd7 6. Be2 f6 7. exf6 Qxf6 8.
Nf1 Bd6 9. Ne3 O-O 10. O-O Kh8 11. c3 Ne7 12. Bd3 Bf4 13. Ng4 Qf7 14. b4 a5 15.
b5 c5 16. Qe2 Qh5 17. h3 Ng6 18. Bxg6 Qxg6 19. Bxf4 Rxf4 20. Nfe5 Qe8 21. Qd2
Rf8 22. a4 Qe7 23. Qe3 cxd4 24. cxd4 Nxe5 25. Nxe5 Bd7 26. Qa3 Qe8 27. Qd6 Rd8
28. Qb6 Rf4 29. Qxa5 Kg8 30. Qb6 Bc8 31. Rac1 Qe7 32. Rc7 Qf8 33. Rfc1 Re4 34.
Rxc8 1-0

[Event "Romanian Open 2017"]
[Site "Alba Iulia ROU"]
[Date "2017.11.27"]
[Round "9.8"]
[White "Toma Andreica, Alin"]
[Black "Stoleriu , George"]
[Result "0-1"]
[WhiteElo "2192"]
[BlackElo "2354"]
[PlyCount "63"]
[EventDate "2017.11.20"]
[EventType "swiss"]

1. e4 e6 2. g3 d5 3. Bg2 Nf6 4. e5 Nfd7 5. d4 c5 6. c3 Nc6 7. Ne2 b5 8. O-O Ba6
9. Nf4 b4 10. Re1 bxc3 11. bxc3 Nb6 12. Ba3 cxd4 13. Bxf8 Kxf8 14. cxd4 g6 15.
Bh3 Qe7 16. Nc3 Rc8 17. Rc1 Kg7 18. Na4 Nxa4 19. Qxa4 Bc4 20. Red1 Qb4 21. Qc2
Qa3 22. Qd2 h6 23. Rc2 Rb8 24. Bf1 Na5 25. Nd3 Rhc8 26. Nc5 Qf3 27. Bg2 Qf5 28.
Rc3 Nc6 29. h4 Nxe5 30. Nd7 Nxd7 31. Rf3 Qg4 32. Rf4 0-1

[Event "TCh-ROU Superliga 2017"]
[Site "Baile Govora ROU"]
[Date "2017.11.14"]
[Round "4.5"]
[White "Stoleriu , George"]
[Black "Dobre, Mihai"]
[Result "1-0"]
[WhiteElo "2354"]
[BlackElo "2044"]
[PlyCount "45"]
[EventDate "2017.11.11"]
[EventType "team"]
[WhiteTeam "C.S. Politehnica Iasi"]
[BlackTeam "ACS Phoenix Buzau"]

1. e4 c5 2. Nf3 d6 3. Bc4 a6 4. c3 Nf6 5. d3 Nc6 6. Bb3 e6 7. O-O Be7 8. Re1
O-O 9. d4 cxd4 10. cxd4 e5 11. h3 b5 12. Nc3 Bd7 13. a3 Rc8 14. dxe5 dxe5 15.
Be3 Qc7 16. Rc1 Qb8 17. Nd5 Nxd5 18. Bxd5 Be8 19. Re2 Na5 20. Ba7 Qxa7 21. Rxc8
Bc5 22. Rxc5 Qxc5 23. b4 1-0

[Event "Mondiali giovanili U16 open 2017"]
[Site "Montevideo URU"]
[Date "2017.09.22"]
[Round "7.1"]
[White "Rajdeep, Sarkar"]
[Black "Stoleriu , George"]
[Result "1/2-1/2"]
[WhiteElo "2342"]
[BlackElo "2315"]
[PlyCount "43"]
[EventDate "2017.09.17"]

1. d4 Nf6 2. Nf3 d5 3. g3 Bg4 4. Bg2 c6 5. O-O e6 6. Nbd2 Nbd7 7. Re1 Be7 8. e4
O-O 9. c3 Bh5 10. e5 Ne8 11. Nb3 c5 12. dxc5 Nxc5 13. Be3 Na4 14. Qd2 Nb6 15.
Bxb6 Qxb6 16. Nfd4 Nc7 17. Bf1 Na6 18. Rac1 Nc5 19. Nxc5 Bxc5 20. Nb3 Be7 21.
Qd4 Qxd4 22. Nxd4 1/2-1/2

[Event "World Youth Chess Championship 2017"]
[Site "Sheraton Hotel, Montevideo"]
[Date "2017.09.17"]
[Round "1.16"]
[White "Stoleriu , George"]
[Black "Li, Eric M"]
[Result "1-0"]
[WhiteElo "2315"]
[BlackElo "1844"]
[PlyCount "59"]
[EventDate "2017.09.17"]
[EventRounds "11"]
[EventCountry "URU"]

1. e4 c5 2. Nc3 Nc6 3. Bb5 Nd4 4. Bc4 e6 5. Nge2 Nxe2 6. Qxe2 Ne7 7. d3 Nc6 8.
Be3 a6 9. a4 b6 10. O-O Be7 11. f4 d6 12. f5 O-O 13. fxe6 Bxe6 14. Nd5 Ne5 15.
Bb3 Rb8 16. d4 Ng4 17. Bf4 Bxd5 18. exd5 Qd7 19. h3 Nf6 20. dxc5 bxc5 21. Rae1
Bd8 22. Qxa6 Bb6 23. Kh1 Qc7 24. a5 Bxa5 25. Bxd6 Rb6 26. Bxc7 Rxa6 27. Re7 Ne4
28. Rfxf7 Rxf7 29. Re8+ Rf8 30. d6+ 1-0

[Event "World Youth Chess Championship 2017"]
[Site "Sheraton Hotel, Montevideo"]
[Date "2017.09.18"]
[Round "2.14"]
[White "Liang, Hairan"]
[Black "Stoleriu , George"]
[Result "0-1"]
[WhiteElo "2131"]
[BlackElo "2315"]
[PlyCount "140"]
[EventDate "2017.09.17"]
[EventRounds "11"]
[EventCountry "URU"]

1. e4 e6 2. d4 d5 3. Nd2 Nc6 4. Ngf3 Nf6 5. e5 Nd7 6. c3 f6 7. exf6 Qxf6 8. Bd3
e5 9. O-O Bd6 10. Qb3 Ne7 11. Re1 h6 12. c4 exd4 13. cxd5 Nc5 14. Ne4 Nxe4 15.
Rxe4 O-O 16. Rxd4 Bh3 17. Bf1 Nf5 18. Rd2 Bg4 19. Qc3 Qxc3 20. bxc3 Bxf3 21.
gxf3 Nh4 22. Be2 Nxf3+ 23. Bxf3 Rxf3 24. Bb2 Raf8 25. Rf1 Rh3 26. c4 Rf5 27. f3
Rhxf3 28. Rxf3 Rxf3 29. Rc2 b6 30. Kg2 Rf4 31. h3 g5 32. Bc1 Re4 33. Bb2 Kf7
34. Rf2+ Ke7 35. Bg7 Rh4 36. Bf8+ Kd7 37. Bxd6 Kxd6 38. Rf6+ Kd7 39. Rc6 h5 40.
Kg3 Rd4 41. Rg6 Rd3+ 42. Kg2 g4 43. hxg4 hxg4 44. Rxg4 Rd2+ 45. Kf3 Rxa2 46.
Ke3 Rh2 47. Kd3 Rh6 48. Rg7+ Kd6 49. Kc3 a5 50. Kb3 Rh3+ 51. Ka4 Rc3 52. Rg6+
Kd7 53. Rc6 Rd3 54. Rh6 Kc8 55. Rh8+ Kb7 56. Rh6 Re3 57. Rg6 Rd3 58. Rh6 Kb8
59. Rh8+ Ka7 60. Rh7 Kb7 61. Rh6 Rc3 62. Rc6 Kb8 63. c5 Kb7 64. Kb5 Rb3+ 65.
Kc4 Rb4+ 66. Kd3 b5 67. Rh6 Rc4 68. c6+ Kb6 69. Rh8 Kc5 70. Rd8 Rd4+ 0-1

[Event "World Youth Chess Championship 2017"]
[Site "Sheraton Hotel, Montevideo"]
[Date "2017.09.18"]
[Round "3.3"]
[White "Stoleriu , George"]
[Black "Ivic, Velimir"]
[Result "1-0"]
[WhiteElo "2315"]
[BlackElo "2394"]
[PlyCount "89"]
[EventDate "2017.09.17"]
[EventRounds "11"]
[EventCountry "URU"]

1. e4 c5 2. Nc3 e6 3. Nf3 d6 4. d4 cxd4 5. Nxd4 Nf6 6. Be3 Be7 7. Be2 O-O 8.
O-O e5 9. Nb3 b6 10. Bg5 Nbd7 11. Nb5 h6 12. Bh4 g5 13. Bg3 Nxe4 14. Qd5 Nxg3
15. fxg3 Ba6 16. Nxd6 Bxe2 17. Rxf7 Rxf7 18. Qxf7+ Kh8 19. Nf5 Qf8 20. Qg6 Qf6
21. Nxe7 Qxe7 22. Qe4 Rd8 23. Qxe2 Nf6 24. Re1 e4 25. c3 Qe5 26. Nd4 Rf8 27.
Rf1 Nd7 28. Rxf8+ Nxf8 29. Qf2 Kg8 30. Qf5 Qe8 31. Qd5+ Kh7 32. Nf5 e3 33. Qd3
Ng6 34. Nxe3 Qe6 35. b3 Qe7 36. Kf2 Qa3 37. Qc2 a5 38. Ke2 Qd6 39. Qd3 Qa3 40.
Qd7+ Kh8 41. Qd4+ Kh7 42. Nf5 Qf8 43. Qd7+ Kh8 44. Nd6 Ne7 45. Qe8 1-0

[Event "World Youth Chess Championship 2017"]
[Site "Sheraton Hotel, Montevideo"]
[Date "2017.09.19"]
[Round "4.2"]
[White "Karpenko, Artem"]
[Black "Stoleriu , George"]
[Result "0-1"]
[WhiteElo "2377"]
[BlackElo "2315"]
[PlyCount "82"]
[EventDate "2017.09.17"]
[EventRounds "11"]
[EventCountry "URU"]

1. d4 e6 2. g3 b5 3. Bg2 d5 4. e4 Bb7 5. e5 c5 6. Nf3 Nc6 7. O-O Qb6 8. dxc5
Bxc5 9. Nbd2 b4 10. Nb3 Ba6 11. Nxc5 Bxf1 12. Bxf1 Qxc5 13. Be3 Qa5 14. Ng5
Nge7 15. Qh5 Ng6 16. f4 Nce7 17. Bd3 a6 18. g4 Qc7 19. Kf1 Qd7 20. Bd4 Nc6 21.
Bc5 O-O-O 22. Bxa6+ Kb8 23. a3 b3 24. cxb3 Ka8 25. b4 Nb8 26. Bd3 Rc8 27. b3
Qb7 28. Qh3 Nd7 29. Bd4 Ndf8 30. Qe3 h6 31. Nf3 Ne7 32. b5 h5 33. h3 hxg4 34.
hxg4 Nfg6 35. Rc1 Rh3 36. Rxc8+ Qxc8 37. Kf2 Nh4 38. Be2 Qc2 39. Ne1 Rh2+ 40.
Kf1 Rh1+ 41. Kf2 Rxe1 0-1

[Event "World Youth Chess Championship 2017"]
[Site "Sheraton Hotel, Montevideo"]
[Date "2017.09.20"]
[Round "5.1"]
[White "Stoleriu , George"]
[Black "Esipenko, Andrey"]
[Result "1/2-1/2"]
[WhiteElo "2315"]
[BlackElo "2540"]
[PlyCount "88"]
[EventDate "2017.09.17"]
[EventRounds "11"]
[EventCountry "URU"]

1. Nf3 Nf6 2. c4 e6 3. g3 d5 4. b3 d4 5. Bb2 c5 6. b4 Bd6 7. Bg2 Nc6 8. b5 Ne7
9. d3 e5 10. Nbd2 h6 11. Nb3 a5 12. a4 Ra7 13. Qc2 b6 14. O-O-O Be6 15. Rdf1
Qd7 16. e3 Bh3 17. Bxh3 Qxh3 18. e4 g5 19. Qe2 Ng6 20. Ne1 Re7 21. Qf3 Qe6 22.
h3 Kd7 23. Kb1 Ree8 24. Bc1 Reg8 25. Ng2 Ne7 26. Qe2 Ne8 27. f3 f5 28. g4 f4
29. Rh2 h5 30. Rfh1 Rh6 31. Ne1 Rgh8 32. Nd2 Nf6 33. Nf1 Ng6 34. Kb2 Kc8 35.
Kb1 Kb7 36. Ka1 Bc7 37. Kb1 Nh4 38. Kb2 Qf7 39. Kb1 R8h7 40. Ka1 Qg8 41. Kb1
Qh8 42. Ka1 Ng6 43. Kb1 Ne7 44. Ka1 Ng6 1/2-1/2

[Event "World Youth Chess Championship 2017"]
[Site "Sheraton Hotel, Montevideo"]
[Date "2017.09.23"]
[Round "8.1"]
[White "Gazik, Viktor"]
[Black "Stoleriu , George"]
[Result "1-0"]
[WhiteElo "2485"]
[BlackElo "2315"]
[PlyCount "101"]
[EventDate "2017.09.17"]
[EventRounds "11"]
[EventCountry "URU"]

1. e4 e6 2. d3 d5 3. Nd2 c5 4. Ngf3 Nc6 5. g3 Bd6 6. Bg2 Nge7 7. O-O O-O 8. Nh4
Qc7 9. f4 f6 10. Ndf3 Bd7 11. Qe2 d4 12. b3 Rac8 13. a4 a6 14. Bh3 e5 15. Bxd7
Qxd7 16. f5 b5 17. Bd2 Nd8 18. axb5 axb5 19. Ng2 c4 20. bxc4 bxc4 21. g4 Ndc6
22. g5 Qe8 23. Nfh4 fxg5 24. Bxg5 h6 25. Bxh6 gxh6 26. f6 Kh7 27. fxe7 Bxe7 28.
Rxf8 Qxf8 29. Rf1 Qg7 30. Qh5 Bxh4 31. Rf7 Bf2+ 32. Kh1 Rf8 33. Qf5+ Kg8 34.
Rxg7+ Kxg7 35. Qd7+ Rf7 36. Qxc6 Ra7 37. Qxc4 Ra1+ 38. Ne1 Rxe1+ 39. Kg2 Be3
40. Qc7+ Kg6 41. Qxe5 Re2+ 42. Kg3 Rxc2 43. Qf5+ Kg7 44. e5 Rc7 45. e6 Re7 46.
h4 Bd2 47. Qe5+ Kg8 48. Qd6 Be1+ 49. Kh3 Rg7 50. Qd8+ Kh7 51. e7 1-0